Maus : mi padre sangra historia /

Maus: Mi padre sangra historia (Volumen I) es una novela gráfica ganadora del Pulitzer escrita por Art Spiegelman que narra la experiencia de su padre, Vladek Spiegelman, como judío polaco superviviente del Holocausto. Utiliza una metáfora antropomórfica donde judíos son ratones y nazis son gatos, e...

Descripción completa

Guardado en:
Autor Principal: Spiegelman, Art, 1994.
Otros Autores: Aira, César.
Formato: Libro
Idioma:Undetermined
Publicado: Buenos Aires : Emecé, 1994.
Edición:1era ed.
Materias:
Etiquetas: Agregar Etiqueta
Sin Etiquetas, Sea el primero en etiquetar este registro!
LEADER 01053nam a22002295a 4500
001 CEM.cems025146
008 260430s1994####ag#a##########000#0#und#d
005 20260430100749.0
245 1 0 |a Maus :  |b mi padre sangra historia /  |c Art Spiegelman, traducción de César Aira. 
250 |a 1era ed. 
260 |a Buenos Aires :  |b Emecé,  |c 1994. 
300 |a 159 p. :  |b il. ;  |c 25 cm. 
520 |a Maus: Mi padre sangra historia (Volumen I) es una novela gráfica ganadora del Pulitzer escrita por Art Spiegelman que narra la experiencia de su padre, Vladek Spiegelman, como judío polaco superviviente del Holocausto. Utiliza una metáfora antropomórfica donde judíos son ratones y nazis son gatos, entrelazando el pasado de guerra con la compleja relación actual entre autor y padre 
020 |a 9789500413855 
100 1 |a Spiegelman, Art,  |d 1994. 
700 1 |a Aira, César. 
082 0 4 |a 839.7 
653 |a Narrativa Sueca 
653 |a Nazismo 
653 |a Historieta 
653 |a Comic 
859 |a CEMS  |b BIB. CEMS - Agricultura  |h 839.7  |i Sp1  |p A4116.26  |t Ej.1  |3 1